000 00968nam a22002537a 4500
005 20170124103103.0
010 _aA-808144
020 _c80.00
_a818544103
035 _aA-808144
037 _bCen Lib/Ret
040 _aDPL
_bHN
082 _a821
_bसचदेव
100 _aसचदेव, गौतम
_977603
245 _aअधर का पुल /
_cगौतम सचदेव
246 _aAdhar ka pul /
_bby Gautam Sachdev
260 _aनयी दिल्ली
_bहिन्दी बुक सेंटर
_c1996
270 _a4/5-बी, आसफ अली रोड
_bनयी दिल्ली
_e110002
300 _a88पृ.
_c21सेमी (सजिल्द)
650 _aसाहित्य--कविता
_977604
650 _aहिन्दी कविताएं
_977605
650 _aLiterature--Poems
_977606
650 _aHindi poems
_977607
942 _2ddc
_cHN
_h821
_mसचदे
999 _c117941
_d117941